Get the Picture: German Cars Quiz Stats

 Plays Quiz Updated Aug 9, 2019

Score 0/16 Timer 02:00
8 Plays Today
Question Answer Wrong Answers
Beetle Volkswagen
93%
Opel
1.4%
Audi
0.9%
Porsche
0.7%
Golf Volkswagen
92.1%
Opel
1.7%
Audi
1.7%
Porsche
0.4%
A4 Audi
89.4%
Opel
2.8%
Porsche
2.5%
Volkswagen
1.3%
Passat Volkswagen
85.9%
Opel
4.6%
Audi
3.8%
Porsche
1.5%
Carrera Porsche
82.3%
Opel
6.1%
Audi
3.8%
Volkswagen
3.5%
Cayenne Porsche
80.2%
Opel
7.1%
Audi
4%
Volkswagen
3.9%
Vectra Opel
77.7%
Audi
5.7%
Porsche
5%
Volkswagen
6.6%
Quattro Audi
76.6%
Opel
6.2%
Porsche
3.6%
Volkswagen
9.3%
Boxster Porsche
75.7%
Opel
7.2%
Audi
5.4%
Volkswagen
6.8%
Manta Opel
73.1%
Audi
6.9%
Porsche
9.2%
Volkswagen
5.5%
TT Audi
71.4%
Opel
12%
Porsche
7.6%
Volkswagen
4.3%
Kadett Opel
71.1%
Audi
6.5%
Porsche
5.4%
Volkswagen
11.7%
Corsa Opel
70.5%
Audi
6.6%
Porsche
9.9%
Volkswagen
8.2%
Panamera Porsche
59.2%
Opel
24.5%
Audi
6.7%
Volkswagen
5%
Scirocco Volkswagen
57.3%
Opel
18.8%
Audi
7.2%
Porsche
11.6%
Coupé Audi
35.6%
Opel
21.7%
Porsche
22.1%
Volkswagen
15.9%

Today's Daily Dose

Word Ladder
Lean on Me

Get the Picture
Superhero by Villain

You're not logged in!

Compare scores with friends on all Sporcle quizzes.
OR
Log In

Sporcle TV

Today on Sporcle TV


Watch our educational content, quiz creation guides, and fun videos on Sporcle TV.

Show Comments

Extras

Top Quizzes Today


Score Distribution

Your Account Isn't Verified!

In order to create a playlist on Sporcle, you need to verify the email address you used during registration. Go to your Sporcle Settings to finish the process.

Report this User

Report this user for behavior that violates our Community Guidelines.

Details: